000 00248nam a2200109Ia 4500
100 _aJoshi/P.H.
942 _cBK
245 _aPRESS TOOLS : DESIGN AND CONST.
260 _bS.Chand & Co.
_aNew Delhi
_c2010
082 _a671.33/JOS
546 _aENGLISH
999 _c30149
_d30149